Elenca la formazione - Quiz n°294 - Statistics

Statistiche generali
  • Questo quiz è stato fatto 93 volte
  • Il punteggio medio è 8 su 11
Statistiche sulle risposte
Ruolo Club dell'epoca Calciatore % Corretto
Portiere Juventus Gianluigi Buffon
100%
Difensore Juventus Giorgio Chiellini
98%
Difensore Juventus Leonardo Bonucci
98%
Difensore Juventus Andrea Barzagli
94%
Attaccante Southampton Graziano Pellè
86%
Attaccante Inter Éder
76%
Centrocampista Sunderland Emanuele Giaccherini
66%
Centrocampista Roma Alessandro Florenzi
55%
Centrocampista Lazio Marco Parolo
55%
Centrocampista Juventus Stefano Sturaro
35%
Centrocampista Milan Mattia De Sciglio
17%
Nessun quiz corrispondente trovato
Distribuzione punteggi
Percentuale di utenti per punteggio
Percentile per numero di risposta
I tuoi punteggi nel tempo
Non hai fatto questo quiz